[Event "Landsturneringen 2018"]
[Site "Sarpsborg, Østfold NOR"]
[Date "2018.07.13"]
[Round "8"]
[White "Halvorsen, Benjamin"]
[Black "Furnes, Torstein"]
[Result "1/2-1/2"]
[WhiteElo "1677"]
[BlackElo "1769"]
[Annotator "Furnes, Torstein"]
[PlyCount "82"]
[EventDate "2018.07.07"]

{Hvitspilleren ble årets vinner av klasse 2.} 1. e4 c5 2. Nf3 Nc6 3. Bb5 d6 4.
Bxc6+ bxc6 5. O-O e5 6. c3 Bg4 7. d4 cxd4 8. cxd4 exd4 9. Qxd4 Bxf3 10. gxf3
Qb6 11. Qd3 {Etter dette trekket følger vi ikke lenger noen partier hos
ChessBase.} Nf6 12. Na3 d5 13. exd5 Nxd5 14. Nc4 Qc7 15. Re1+ Be7 16. Ne3 Nf4
17. Qe4 O-O 18. Nf5 Ne6 19. Nxe7+ Qxe7 20. Qxc6 {Hvit har vunnet bonde, men
Fritz 11 angir en ørliten svart fordel (-0.10).} Qb4 21. Qe4 Qb5 22. b3 Rad8
23. Ba3 Rd4 24. Qe5 Rd5 25. Qe2 Rg5+ 26. Kf1 $2 $19 {Kongen går til feil felt.
Ifølge Fritz 11 står svart nå til vinst.} Qf5 (26... Qb8 {er sterkere. F.eks.}
27. Bxf8 Qxh2 28. Qe3 Nf4 29. Qxf4 Rg1+ ({Ikke} 29... Qxf4 $4 30. Re8 $1 Rg1+
31. Ke2 $1 $18) 30. Ke2 Rxe1+ 31. Rxe1 Qxf4 32. Bc5 h5 $19) 27. Qe4 Qh3+ 28.
Ke2 Re8 29. Qc6 $2 $19 {Svarts fordel er nå oppe i -9, men nesten hele
fordelen forsvinner igjen når svart ikke finner sterkeste fortsettelse i neste
trekk.} Nf4+ $2 $15 (29... Rd8 $19 {er det mest effektive vinsttrekket. Da
avskjæres kongen fra å flykte til dronningfløyen. F.eks.} 30. Qe4 Nd4+ 31. Kd3
Re5 32. Qxd4 Qxf3+ 33. Re3 Rxd4+ 34. Kxd4 Rxe3 35. fxe3 Qf6+ 36. Kd3 Qxa1) ({
Hvit hadde lagt en utspekulert felle:} 29... Nd4+ $4 $18 30. Kd3 {En ganske
kompleks stilling, men hvit står til vinst.}) ({Et annet vinsttrekk var} 29...
Re5+ 30. Kd2 Rd8+ 31. Kc3 Nd4 32. Rad1 Nxc6 33. Rxd8+ Nxd8 34. Rxe5 Qxf3+) 30.
Kd2 Rd8+ 31. Kc3 Ne6 $4 32. Be7 ({Fritz vil spille} 32. Rad1 Rb8 33. Bd6) 32...
Rgd5 33. Bxd8 Qxf3+ 34. Re3 Rd3+ $1 35. Kxd3 $2 $19 {Hvit slår tårnet med feil
brikke og igjen står svart til vinst.} (35. Rxd3 $17 {var nødvendig.}) 35...
Qxc6 36. Bh4 Nf4+ $2 ({Svart kunne nå vunnet offiser med} 36... Qd5+ 37. Kc2
Qd4 $19 {med dobbelttrussel på tårn og løper.}) 37. Kd2 Qd5+ 38. Kc2 h6 39. Bg3
Ne6 40. Rae1 Qc5+ 41. Rc3 Qf5+ 1/2-1/2

[Event "Landsturneringen 2018"]
[Site "Sarpsborg, Østfold NOR"]
[Date "2018.07.13"]
[Round "8"]
[White "Hestvik, Elias"]
[Black "Kielland-Lund, Jon"]
[Result "1/2-1/2"]
[WhiteElo "1661"]
[BlackElo "1685"]
[Annotator "Kielland-Lund,Jon"]
[PlyCount "54"]
[EventDate "2018.07.07"]

1. e4 c6 2. d4 d5 3. Nc3 dxe4 4. Nxe4 Bf5 5. Ng3 Bg6 6. Nf3 Nd7 7. Bd3 e6 8. c3
Qc7 9. Bg5 Ngf6 10. O-O Bd6 11. Re1 O-O 12. Bxg6 hxg6 13. Bxf6 gxf6 14. Ne4 Bf4
(14... Be7 15. h4 f5) 15. g3 Bh6 16. h4 Kg7 17. Kg2 f5 18. Neg5 (18. Nfg5)
18... Rae8 19. Qe2 Kg8 20. Qf1 e5 21. dxe5 Nxe5 22. Nxe5 Rxe5 23. Rxe5 Qxe5 24.
Nf3 Qf6 25. Re1 Rd8 26. Qe2 Kf8 27. Qc4 Qd6 {remis, h5 kan forsøkes} 1/2-1/2

[Event "Landsturneringen 2018"]
[Site "Sarpsborg, Østfold NOR"]
[Date "2018.07.13"]
[Round "8"]
[White "Shehzad, Kasher"]
[Black "Moberg, Jan Rune"]
[Result "1-0"]
[WhiteElo "1653"]
[BlackElo "1663"]
[PlyCount "101"]
[EventDate "2018.07.07"]

1. e4 d6 2. Nc3 c6 3. d4 Nd7 4. Nf3 e5 5. dxe5 dxe5 6. Bc4 Be7 7. O-O Ngf6 8.
Qe2 Qc7 9. Nh4 b5 10. Bb3 Nc5 11. Nf5 O-O 12. Nxe7+ Qxe7 13. Bg5 b4 14. Bxf6
Qxf6 15. Na4 Ba6 16. c4 bxc3 17. Bc4 Bxc4 18. Qxc4 Nxa4 19. Qxa4 cxb2 20. Rab1
Rfb8 21. Rfd1 Rb6 22. Rd2 Qh6 23. Qd1 Qg5 24. Rdxb2 Rxb2 25. Rxb2 Rd8 26. Qb1
g6 27. g3 Kg7 28. Qc2 Qf6 29. Rb7 Qf3 30. Rb1 Rd4 31. Re1 Qa3 32. Re3 Qa4 33.
Qc5 Qb5 34. Qc2 c5 35. Kg2 c4 36. Rc3 Qc6 37. Re3 f5 38. f3 Qd6 39. Re2 fxe4
40. fxe4 Qa3 41. Qb1 Qd3 42. Qb7+ Kh6 43. Kf2 Qa3 44. Qc7 Qf8+ 45. Kg2 Qg7 46.
Qc8 Qe7 47. Qc6 a5 48. Rc2 Qg5 49. Re2 Rd2 50. Qxc4 Qd8 51. Qc1 1-0

[Event "Landsturneringen 2018"]
[Site "Sarpsborg, Østfold NOR"]
[Date "2018.07.13"]
[Round "8"]
[White "Lea, Per"]
[Black "Parr, Hugo"]
[Result "1/2-1/2"]
[WhiteElo "1700"]
[BlackElo "1821"]
[Annotator "Lea,Per"]
[PlyCount "28"]
[EventDate "2018.07.07"]

{Helt klart mitt kjedeligste parti i hele turneringa. Jeg var vel mest opptatt
av ikke å tape, og Thorbjørn Skaugs kommentar om meg på FSSs hjemmeside som
Remiskonge hjalp ikke på innstillinga - dessverre. Men det var jo artig å møte
NSFs ekspresident for første gang over brettet, tidligere hadde vi
representert samme skole i Oslomesterskapet for lag fra høyere skoler, men det
var det nærmeste vi kom.} 1. e4 e5 2. Nf3 Nc6 3. Bb5 d6 {Litt tamt etter min
mening, men hvordan i all verden skal det i så fall utnyttes? Blant partiene
på ChessBase er dette svarts åttendevalg...} 4. O-O {Jeg valgte en rolig
fortsettelse totalt uten ambisjoner} (4. d4 {er reflekstrekket, og det har
spilt tidligere mot Helge Rangøy, men etter} exd4 5. Qxd4 Bd7 6. Bxc6 Bxc6 {så
har svart null problemer}) 4... Bd7 5. c3 Nf6 6. Re1 Be7 7. d4 a6 8. Ba4 O-O 9.
Nbd2 b5 10. Bc2 Bg4 11. h3 Bh5 12. d5 Nb8 13. b3 c5 14. c4 Qb6 1/2-1/2

[Event "Landsturneringen 2018"]
[Site "Sarpsborg, Østfold NOR"]
[Date "2018.07.14"]
[Round "9"]
[White "Furnes, Torstein"]
[Black "Wright, Haakon"]
[Result "1/2-1/2"]
[WhiteElo "1769"]
[BlackElo "1753"]
[Annotator "Furnes, Torstein"]
[PlyCount "86"]
[EventDate "2018.07.07"]

{Dette partiet ble spilt på 1. bord i klasse 2 i siste runde. Situasjonen før
siste runde er som følger: Svart er i udelt ledelse med 6.5 poeng. Med seier
vil han dermed være sikret førsteplassen. Bak er det seks spillere med 6 poeng,
deriblant undertegnede.} 1. d4 Nf6 2. c4 c5 3. d5 e6 4. Nc3 exd5 5. cxd5 d6 6.
e4 g6 7. Nf3 Bg4 {Avviker fra hovedvarianten. Lg7 er spilt 9960 ganger hos
ChessBase, mens Lg4 er spilt 205 ganger.} 8. h3 Bxf3 9. Qxf3 Bg7 10. Bd3 O-O
11. O-O a6 12. a4 Nfd7 (12... Nbd7 {er spilt oftere i ChessBase.}) 13. Qg3 Ne5
14. f4 $2 $11 {Fritz er ikke begeistret for dette trekket. Evalueringen går
fra ca +1 til 0.} Nxd3 15. Qxd3 Nd7 16. Be3 Re8 17. Rae1 Rb8 18. Re2 Qa5 19.
Qc2 b5 20. axb5 axb5 21. Ree1 ({Førstevalget til Fritz er nå det interessante} 
21. e5 $5 dxe5 22. f5) 21... b4 22. Ra1 Qc7 23. Nd1 Nf6 24. Nf2 Nxd5 $1 ({
Fritz mener det er enda sterkere å spille} 24... b3 $1) 25. Bd2 Ne7 26. Ra4 Nc6
27. Rfa1 b3 28. Qb1 (28. Qc1 {er førstevalget til Fritz.}) 28... Qb7 29. Bc3 $2
$19 Bxc3 30. bxc3 d5 31. exd5 $2 {Den bonden var giftig.} b2 $1 32. dxc6 ({
Etter} 32. R1a2 $4 {følger} Re1+ $1 33. Qxe1 b1=Q $19) 32... bxa1=Q 33. Qxa1
Qb1+ 34. Kh2 Qxa1 35. Rxa1 Rbc8 36. Nd3 Rxc6 37. Ra5 c4 38. Ne5 Rc7 39. Ra4 f6
40. Nxc4 Re4 $2 $11 {En liten tabbe som gjør at hvit vinner tilbake kvaliteten.
Hvit er maksimalt heldig med springergaffel-truslene.} 41. Ra8+ Kg7 (41... Kf7
$4 42. Nd6+ Ke7 43. Nxe4) 42. Nd6 Re6 43. Ne8+ Rxe8 1/2-1/2

[Event "Landsturneringen 2018"]
[Site "Sarpsborg, Østfold NOR"]
[Date "2018.07.14"]
[Round "9"]
[White "Kielland-Lund, Jon"]
[Black "Unneland, Arne"]
[Result "0-1"]
[WhiteElo "1685"]
[BlackElo "1623"]
[Annotator "Kielland-Lund,Jon"]
[PlyCount "62"]
[EventDate "2018.07.07"]

1. c4 c5 2. Nf3 Nc6 3. d4 cxd4 4. Nxd4 g6 5. Nc3 Bg7 6. Nxc6 bxc6 7. e4 Rb8 8.
Qc2 c5 9. Be2 d6 10. O-O Nf6 11. Rb1 Bg4 12. f3 Bd7 13. b3 O-O 14. Rd1 {? Der
forsvant fordelen.(Lg5)} Ne8 15. Be3 Nc7 16. Bf1 Ne6 17. Ne2 Qa5 18. Qd2 $2
Qxd2 19. Rxd2 a5 20. f4 $4 Bc6 21. Ng3 a4 22. Bd3 axb3 23. axb3 Ra8 24. Ne2 Ra3
25. b4 cxb4 26. Rxb4 Bxe4 27. Bxe4 Rxe3 28. Bd5 Nxf4 29. Nxf4 Bc3 30. Re2 {??}
(30. Rdb2 e6 31. Bf3 Bxb2 32. Rxb2 Rc3 33. Be2 Ra8 {Med en liten fordel} 34. h4
Kf8 35. g4 h6 36. Kf2 Ke7) 30... Rxe2 31. Nxe2 Bxb4 0-1

[Event "Landsturneringen 2018"]
[Site "Sarpsborg, Østfold NOR"]
[Date "2018.07.14"]
[Round "9"]
[White "Løvåsdal, Sigmund"]
[Black "Lea, Per"]
[Result "1/2-1/2"]
[WhiteElo "1884"]
[BlackElo "1700"]
[Annotator "Lea,Per"]
[PlyCount "62"]
[EventDate "2018.07.07"]

{Klar for siste runde, og spørsmålene var flere, som: ville jeg kunne gå
gjennom en Landsturnering uten tap? (I så fall en sensasjon verdt en
nominasjon til Bragdpremien for 2018) Ville det ende med premie? (Også en
liten sensasjon, men det håpet satte dommer Espen Andersen en stopper for da
han før rundestart opplyste om at de 10 beste i hver klasse ville bli premiert
(også i 50+ B med 11 deltakere?) - tidligere har det alltid vært 1/3
premiering. Blant de mindre nminneverdige premiebordene husker jeg Sandefjord
1974 hvor jeg kom hjem med en termokanne. En 10. plass regnet jeg med kun
ville være innen rekkevidde hvis jeg kom opp på 5,5 poeng. Forsåvidt korrekt:
seinere viste det seg at alle på 5,5 poeng eller mer fikk premie.)} 1. d4 d5 2.
c4 e6 ({Her våget jeg meg ikke inn i en ny Albins motgambit:} 2... e5) 3. e3 {
Rolig og fredelig spilt. Etter 4 trekk er vi etter trekkomkastning inne i
samme stilling som i partiet mot Odd Andersen i runde 5.} Nf6 4. Nf3 c5 5. Be2
({Odd fortsatte med} 5. cxd5 {- en manøver som hvitspillere som ikke ønsker å
bruke to trekk på å utvikle løperen på f1, gjerne velger}) 5... cxd4 6. exd4
dxc4 7. Bxc4 {Dermed har jeg i hvert fall oppnådd at hvit har måttet bruke 2
trekk på å spille løperen fra f1 til c4, og også at hvit står med en isolert
d-bonde. Men det er ikke sikkert at svart kan utnytte noe av dette.} Be7 8. O-O
b6 9. Nc3 Bb7 10. Bb5+ Bc6 11. Bf4 O-O {Jeg rakk det akkurat! Hvit truet med å
vinne en offiser} 12. Ne5 Bb7 13. Rc1 a6 14. Be2 Nbd7 $2 {Nå begynner jeg å
bli litt het om ørene; her er det lett å trå feil} (14... Nc6 15. Bf3 Rc8 16.
Re1 $11) 15. Bf3 Bxf3 16. Qxf3 Bd6 $4 {Etter lang tid troddde jeg at dette var
helt korrekt, men om det var trøtthet eller begynnende senilitet er ikke godt
å si: hvis hvit finner det beste trekket, er det bare for meg å pakke sammen.}
({Etter} 16... Nxe5 17. dxe5 Nd7 18. Ne4 {har hvit en liten fordel.}) 17. Ne4
$2 {Åpner c-linja, bringer springeren nærmere begivenhetenes sentrum. Hva mer
kan man forlange? Under analysene etterpå så Ingen av oss den enkle vinsten
for hvit.} (17. Nc6 $1 Qc7 {Det eneste} 18. Nb5 $1 axb5 19. Ne7+ Bxe7 20. Rxc7
{1-0}) 17... Nxe4 18. Qxe4 Nf6 19. Qf3 Rc8 $2 {For andre gang går jeg inn i en
tapsvariant, selv om det ikke er like enkelt å vinne her som etter bukken i
trekk 16. Her er det "bare" en bonde som forsvinner.} (19... Nd5 $1 20. Nc6 Qd7
$11) 20. Rxc8 $2 ({Men heller ikke denne gang griper hvit motstanderen sjansen!
} 20. Nxf7 Rxf7 21. Rxc8 Qxc8 22. Bxd6 Ne8 23. Qg3 $16) 20... Qxc8 {Nå ser det
veldig remisaktig ut} 21. Rc1 Qd8 22. Bg5 Be7 23. Nc6 (23. Qb7 Bd6 24. Qxa6 {
med en liten fordel for hvit}) 23... Qd7 24. Kf1 $2 ({Hvit kunne fremdeles
gått for seier med} 24. Nxe7+ Qxe7 25. h3 $14 Qd8 26. Bxf6 Qxf6 27. Qxf6 gxf6 {
men i analysene etterpå mente hvit at han ikke ville klare å utnytte
dobbeltbonden. Dessuten må han passe seg så ikke d-bonden går tapt.}) 24... Nd5
25. Nxe7+ Nxe7 26. Bxe7 Qxe7 27. Qc3 {Nå er det plutselig svart som overtar
styringa!} (27. Rc6 Qb4 28. Qc3 $11) 27... Qd6 28. g3 Qd5 29. Qc4 $2 Qh1+ 30.
Ke2 Qe4+ (30... Qxh2 31. Qb4 Qh5+ 32. Ke1 Qh1+ 33. Kd2 Qf3 $17) 31. Kf1 Qh1+
1/2-1/2

[Event "Landsturneringen 2017"]
[Site "Stavanger, Rogaland NOR"]
[Date "2017.07.01"]
[Round "1"]
[White "Sidali, Elias Hulleberg"]
[Black "Furnes, Torstein"]
[Result "1/2-1/2"]
[WhiteElo "1575"]
[BlackElo "1572"]
[Annotator "Furnes, Torstein"]
[PlyCount "52"]
[EventDate "2017.07.01"]

1. e4 c5 2. Nf3 Nc6 3. Bb5 d6 4. O-O Bd7 5. Nc3 Nf6 6. Re1 e6 7. Bxc6 Bxc6 8.
d4 d5 $146 {En nyhet som ikke er tidligere spilt i ChessBase sin
online-database. Der fortsetter alle 28 partiene med cxd4.} 9. Bg5 dxe4 10.
Nxe4 cxd4 11. Nxd4 Bxe4 12. Rxe4 $2 $17 (12. Bxf6 Qxf6 13. Rxe4 $10) 12... Be7
$2 $10 ({Jeg overser} 12... Qd5 13. Nxe6 fxe6 14. Qxd5 Nxd5 $17) 13. Re1 O-O
14. c3 Qd5 15. Nf3 Rfd8 16. Qc2 h6 17. Be3 Bc5 18. Rad1 Qc6 19. Bxc5 Qxc5 20.
Rxd8+ Rxd8 21. Rd1 Rxd1+ 22. Qxd1 Qb6 23. Qd2 Ne4 24. Qe2 Nf6 25. Qd2 Qa5 26.
a3 Qb6 {Stillingen har lenge vært temmelig remispreget.} 1/2-1/2

[Event "Landsturneringen 2017"]
[Site "Stavanger, Rogaland NOR"]
[Date "2017.07.02"]
[Round "2"]
[White "Furnes, Torstein"]
[Black "Slettmoen, Markus"]
[Result "1-0"]
[WhiteElo "1572"]
[BlackElo "1564"]
[Annotator "Furnes, Torstein"]
[PlyCount "54"]
[EventDate "2017.07.01"]

1. d4 d5 2. c4 c6 3. cxd5 cxd5 4. Nc3 Nc6 5. Bf4 Bf5 6. e3 a6 $6 7. Qb3 e6 8.
Qxb7 Nb4 $6 (8... Na5 9. Qc7 Qxc7 10. Bxc7 Bb4 {anbefales av computerne.}) 9.
Rc1 ({Hvits sterkeste trekk er} 9. Nb5 $1 Nc2+ (9... axb5 $4 10. Bxb5+ Nc6 11.
Bxc6+ Qd7 12. Qxd7#) 10. Kd1 Qc8 11. Nc7+ Kd7 12. Qxa8 Qxa8 13. Nxa8 Nxa1 14.
Nf3 $18) 9... Qc8 10. Qxc8+ Rxc8 11. a3 ({Bedre er} 11. Kd2) 11... Nc2+ ({
Computerne foretrekker} 11... Nd3+ 12. Bxd3 Bxd3) 12. Kd2 Nxa3 13. Bxa6 $5 {
Her strides ulike sjakkprogrammer om hva som er best. Stockfish støtter meg i
valget om å spille Lxa6, mens Fritz 11 heller vil slå springeren (med g4 lagt
inn først).} (13. g4 Bg6 14. bxa3 Bxa3 15. Rd1 Bb4 16. Nge2) 13... Nc4+ ({
Fritz vil spille} 13... Rc6 14. bxa3 Rxa6 15. Nb5) 14. Bxc4 (14. Ke2 $18 {er
mye bedre}) 14... Rxc4 15. Ra1 Bb4 $6 {Fritz liker ikke dette løpertrekket, og
justerer hvitfordelen opp fra 1.2 til 3.5.} 16. Ra8+ Ke7 17. Nf3 {Svarts
offiserer på g8 og h8 er bundet opp og lar seg ikke utvikle med det første.
Svart velger en drastisk løsning for å få springeren i spill:} Nf6 $5 {Dette
tårnofferet er førstevalget til dataprogrammene, men det holder ikke.} 18. Rxh8
Ne4+ 19. Ke2 Rxc3 ({Førstevalget til Fritz var} 19... Bxc3 20. Ne5 Bxb2 21.
Nxc4 Nc3+ 22. Kf3 dxc4) 20. bxc3 Nxc3+ 21. Ke1 Bd3 22. Kd2 Bb5 23. Ra1 Na2+ 24.
Kc2 Bc4 25. Ne5 Bd6 26. Nxc4 Nb4+ 27. Kc3 Bxf4 1-0

[Event "Landsturneringen 2017"]
[Site "Stavanger, Rogaland NOR"]
[Date "2017.07.03"]
[Round "3"]
[White "Snerthammer, Daniel"]
[Black "Furnes, Torstein"]
[Result "0-1"]
[WhiteElo "1718"]
[BlackElo "1572"]
[Annotator "Furnes, Torstein"]
[PlyCount "110"]
[EventDate "2017.07.01"]

{Min motstander er den med høyest norsk rating blant årets klasse-2-spillere.
I Landsturneringen 2013 vant han klasse 2.} 1. e4 c5 2. Nc3 Nc6 3. f4 d6 4. Nf3
Bg4 5. Bb5 Rc8 6. O-O a6 7. Bc4 $146 {Med dette løpertrekket er vi ute av
Chessbase sine online-databaser. Der fortsetter det istedet med Lxc6.} e6 8.
Be2 Nf6 9. d3 Be7 10. Qe1 O-O 11. Qg3 Bxf3 12. Bxf3 Nd4 13. Bd1 b5 14. Ne2
Nxe2+ 15. Bxe2 d5 16. e5 Ne8 17. f5 exf5 18. Rxf5 Rc6 19. Bd2 Bh4 20. Qh3 g6
21. Rf3 Re6 22. Bf4 ({Her foreslår computerne} 22. Rxf7 $1 Rxe5 (22... Kxf7 23.
Rf1+ Nf6 24. d4 $1 cxd4 25. Qxh4 Rxe5 26. Ba5 Qd6 27. Bb4 Qb6 28. Qxh7+ Ke8 29.
Qxg6+ Rf7 30. Bd3) 23. Rxf8+ Kxf8) 22... Ng7 23. g3 Bg5 24. Raf1 Bxf4 25. gxf4
Nf5 26. R3f2 Nd4 27. Bg4 f5 28. exf6 Rexf6 29. f5 gxf5 30. Bxf5 Nxf5 31. Rxf5
Rxf5 32. Rxf5 Rxf5 33. Qxf5 Qd6 {Dataprogrammene vurderer stillingen som død
remis. Jeg foreslår remis, men hvit avslår.} 34. Kh1 d4 35. Kg2 Kg7 ({Å
forenkle stillingen med dronningbytte ville vært en dårlig ide:} 35... Qg6+ $4
36. Qxg6+ hxg6 37. Kf3 Kf7 38. Ke4 Ke6 39. b4 $1 cxb4 40. Kxd4 Kd6 41. h4 a5
42. Ke4 Ke6 43. d4 {og hvit vinner.}) 36. Qg4+ Qg6 37. Kf3 Qxg4+ 38. Kxg4 Kf6 {
Like før tidskontrollen befinner dette sluttspillet seg ved et kritisk punkt.
I de to neste trekkene har datamaskinen påvist avgjørende forbedringer for
begge spillerne.} 39. Kh5 ({Bedre er} 39. b4 $1 cxb4 40. Kf4 Ke6 41. Ke4) 39...
c4 $2 $18 ({Svarts eneste trekk som unngår tap er} 39... Kf5 40. Kh6 Kf4 41.
Kxh7 Ke3 42. h4 Kd2 43. h5 Kxc2 44. h6 c4 45. dxc4 d3 46. Kg6 d2 47. h7 d1=Q
48. h8=Q Qg4+ 49. Kf7 Qxc4+ $19) 40. Kh6 $2 $19 ({Computerne mener at hvit
kunne vunnet med} 40. Kg4 $1 {og en mulig fortsettelse kunne blitt} Ke5 41. b4
cxb3 42. cxb3 b4 43. Kg5 a5 44. h4 Ke6 45. Kh6 Kf5 46. Kxh7 Kg4 47. Kg6 Kxh4
48. Kf5 {osv}) 40... cxd3 $2 {Jeg finner ikke den sterkeste fortsettelsen.} ({
Eneste vinsttrekk er} 40... c3 $1 41. b3 (41. bxc3 dxc3 42. Kxh7 b4 43. h4 a5
44. h5 a4 45. h6 Kf7 46. d4 b3 47. axb3 a3 48. d5 a2 49. d6 a1=Q) 41... Kf5 42.
Kxh7 Kf4 43. Kg6 Ke3 44. h4 Kd2 45. h5 Kxc2 46. h6 Kxd3 47. h7 c2 48. h8=Q c1=Q
) 41. cxd3 Kf5 42. Kxh7 Kf4 43. Kg6 Ke3 44. h4 Kxd3 45. h5 Kc2 46. h6 d3 47. h7
d2 48. h8=Q d1=Q 49. Qc8+ Kxb2 50. Qxa6 {Hvit foreslår remis, jeg avslår. Men
sluttspilldatabaser viser i etterkant at stillingen er teoretisk remis her. Og
de neste trekkene holder vi oss hele tiden innenfor remisgrensen.} Qa4 51. Qe6
b4 52. Qe5+ Kxa2 53. Qe2+ Ka3 54. Qd2 b3 55. Qd6+ Ka2 {Her ga hvit opp, men
stillingen er faktisk teoretisk remis.} 0-1

[Event "Landsturneringen 2017"]
[Site "Stavanger, Rogaland NOR"]
[Date "2017.07.03"]
[Round "4"]
[White "Furnes, Torstein"]
[Black "Myrheim, Håkon Abeland"]
[Result "0-1"]
[WhiteElo "1572"]
[BlackElo "1690"]
[Annotator "Furnes, Torstein"]
[PlyCount "94"]
[EventDate "2017.07.01"]

{I dette partiet opplever jeg for første gang at partiet mitt blir
live-overført på internett. Jeg spiller på 2. bord, og de to øverste bordene
live-overføres.} 1. d4 Nf6 2. c4 c5 3. d5 b5 4. cxb5 a6 5. Nc3 g6 6. e4 d6 7.
bxa6 Bg7 8. Nf3 O-O 9. Be2 Qa5 10. O-O Bxa6 11. Bg5 Bxe2 12. Qxe2 Nbd7 13. Rfe1
Rfb8 14. Rab1 Nb6 15. Nd2 Na4 16. Nxa4 Qxa4 17. a3 h6 18. Bf4 Nxd5 19. Bxd6 (
19. Bxh6 Bxh6 20. exd5 {er kanskje litt bedre.}) 19... exd6 20. exd5 Qd4 21.
Nc4 Qxd5 22. Red1 Bd4 23. b3 Kg7 24. Qe7 Qe6 25. Qxe6 fxe6 26. Nxd6 $6 (26. a4)
26... Rxa3 27. Rd3 Rf8 28. Rd2 Rb8 29. Rd3 Rf8 30. Rd2 e5 31. Re2 $2 (31. Nc4)
31... Rb8 32. Nc4 Raxb3 33. Rd1 Rb1 34. Rde1 $2 (34. Rf1) 34... Rxe1+ ({Svart
vinner raskere med} 34... Bc3 35. Kf1 Bxe1) 35. Rxe1 Rb4 36. Nd6 c4 37. Kf1 Kf6
38. Rc1 Rb2 39. Ne4+ Ke6 40. f3 Kd5 41. h4 h5 42. Rd1 Rc2 43. Rb1 c3 44. g3 Kc4
45. Ke1 Rg2 46. Rb8 c2 47. Nd2+ Kd3 0-1

[Event "Landsturneringen 2017"]
[Site "Stavanger, Rogaland NOR"]
[Date "2017.07.04"]
[Round "5"]
[White "Malin, Odd Gunnar"]
[Black "Furnes, Torstein"]
[Result "1/2-1/2"]
[WhiteElo "1529"]
[BlackElo "1572"]
[Annotator "Furnes, Torstein"]
[PlyCount "31"]
[EventDate "2017.07.01"]

1. e4 c5 2. Nf3 Nc6 3. d4 cxd4 4. Nxd4 e5 5. Nb5 d6 6. c4 a6 7. N5c3 Nf6 8. Be2
Be7 9. Be3 O-O 10. O-O Be6 11. Na3 Rc8 12. Qd2 {Vi befinner oss fortsatt i en
teoristilling som har blitt spilt en del på høyt nivå. Men mitt neste trekk er
kun tidligere spilt i 2 av de 81 partiene med denne stillingen hos ChessBase.}
Ng4 $5 ({Partiet Anand-Caruana (november 2016) fortsatte med} 12... Nd7 13.
Rac1 Nc5 14. f3 Nd4 15. Bxd4 exd4 16. Qxd4 Qb6 17. Rc2 Bf6 18. Qe3 Qb4 {med
remis etter noen trekk.}) 13. Bxg4 Bxg4 14. f3 Be6 15. Nd5 f5 16. Nb6 {Jeg
godtar hvits remistilbud. Fritz-vurderingen av stillingen viser en liten hvit
fordel (+0.14).} 1/2-1/2

[Event "Landsturneringen 2017"]
[Site "Stavanger, Rogaland NOR"]
[Date "2017.07.05"]
[Round "6"]
[White "Furnes, Torstein"]
[Black "Unhjem, Bjørn Robert Løvoll"]
[Result "0-1"]
[WhiteElo "1572"]
[BlackElo "1590"]
[Annotator "Furnes, Torstein"]
[PlyCount "46"]
[EventDate "2017.07.01"]

1. d4 Nf6 2. c4 e6 3. Nc3 Bb4 4. Qc2 c5 5. dxc5 Na6 6. Nf3 Nxc5 7. a3 Bxc3+ 8.
Qxc3 Nce4 9. Qd4 b5 $5 $146 {Et interessant offer som ikke er tidligere spilt
hos ChessBase. Stockfish vurderer stillingen som helt jevn etter trekket, mens
Fritz 11 angir hvit fordel på 0.6.} 10. cxb5 Bb7 11. e3 O-O 12. Bd3 d6 13. b4
e5 14. Qb2 Rc8 15. O-O Qd7 16. Nd2 (16. Bd2 {er bedre.}) 16... Nc3 17. a4 Qg4
$6 {Etter dette dronningtrekket øker hvitfordelen fra 0 til 1.2.} 18. f3 Qg5 $6
{Hvitfordelen øker ytterligere og er nå oppe i over 2.} 19. Nc4 e4 20. Nxd6 $4
{Hele hvits overtak blir snudd til svart fordel.} ({Hvit skal selvsagt spille} 
20. Qxc3 exd3 (20... d5 21. Qe5 Qxe5 22. Nxe5 exd3 23. Nxd3 $18) (20... exf3
21. Qb2) 21. Qxd3 $18 {og med to bønder over står hvit til vinst.}) 20... exd3
21. Nxb7 $4 {Men det er dette som er det endelige tapstrekket.} ({Hvit må
spille} 21. e4 Qh4 22. Rf2 $17) 21... Ne2+ 22. Kh1 Rc2 23. e4 Nxc1 0-1